| 000 | 00402nam a22001457a 4500 | ||
|---|---|---|---|
| 082 | _aP-462 | ||
| 100 |
_aFakhar Alam, Syndicate No 7 _948245 |
||
| 245 |
_aUnderstanding, identification and utilization of hill torrents of Pakistan _cFakhar Alam, Yasir Aziz |
||
| 260 | _c2011 | ||
| 300 | _a83 P, : | ||
| 526 |
_a0 _b0 _c0 _dP_462 |
||
| 650 | _aProject | ||
| 700 |
_aDr Jawed _948246 |
||
| 942 |
_2ddc _cBK |
||
| 999 |
_c551244 _d551244 |
||